| 000 | 00905nam a2200205 4500 | ||
|---|---|---|---|
| 005 | 20260321111536.0 | ||
| 008 | 201211b ||||| |||| 00| 0 eng d | ||
| 022 | _a10422587 | ||
| 082 | _aDPer 658.405 En86 2012 January-May 2012 v. 36 n. 1-3 | ||
| 100 |
_aPodoynitsyna, Ksenia. _942649 |
||
| 245 |
_aThe role of mixed emotions in the risk perception of novice and serial entrepreneurs / _cKsenia Podoynitsyna, Hans Van der Bij and Michael Song. |
||
| 260 |
_aHoboken : _bWiley Subscription Services, Inc. , _cJanuary 2012. |
||
| 300 |
_aVolume 36 pages 115-140 : _billustrations ; _c25 cm. |
||
| 500 | _aEntrepreneurship Theory and Practice, vol. 36, no. 1, pages 115-140, January 2012. | ||
| 650 |
_aEntrepreneurs _xEmotions. _942645 |
||
| 700 |
_aPodoynitsyna, Ksenia. _eauthor. _970035 |
||
| 700 |
_aVan der Bij, Hans. _eauthor. _970036 |
||
| 700 |
_aSong, Michael. _eauthor. _970037 |
||
| 942 |
_2ddc _cPER |
||
| 999 |
_c15813 _d15813 |
||